<?xml version="1.0" encoding="UTF-8"?>
<record
    xmlns:xsi="http://www.w3.org/2001/XMLSchema-instance"
    xsi:schemaLocation="http://www.loc.gov/MARC21/slim http://www.loc.gov/standards/marcxml/schema/MARC21slim.xsd"
    xmlns="http://www.loc.gov/MARC21/slim">

  <leader>00698nam a22001577a 4500</leader>
  <controlfield tag="003">OSt</controlfield>
  <controlfield tag="005">20151106163019.0</controlfield>
  <controlfield tag="008">151106b        xxu||||| |||| 00| 0 eng d</controlfield>
  <datafield tag="040" ind1=" " ind2=" ">
    <subfield code="c">RUA</subfield>
  </datafield>
  <datafield tag="082" ind1=" " ind2=" ">
    <subfield code="a">FOR CHH 2002 B129 Or.1</subfield>
  </datafield>
  <datafield tag="100" ind1=" " ind2=" ">
    <subfield code="9">3475</subfield>
    <subfield code="a">CHHUN, DELUX.</subfield>
  </datafield>
  <datafield tag="245" ind1=" " ind2=" ">
    <subfield code="a">The study on density of yellow cheeked crested gibbon in northeast and pileated gibbon in southwest cambodia,&#x200B; &#x1780;&#x17B6;&#x179A;&#x179F;&#x17B7;&#x1780;&#x17D2;&#x179F;&#x17B6;&#x1796;&#x17B8;&#x178A;&#x1784;&#x179F;&#x17CA;&#x17B8;&#x178F;&#x17C1;&#x1791;&#x17C4;&#x1785;&#x1790;&#x17D2;&#x1796;&#x17B6;&#x179B;&#x17CB;&#x17A1;&#x17BF;&#x1784;&#x1793;&#x17C5;&#x1797;&#x17B6;&#x1782;&#x17A5;&#x179F;&#x17B6;&#x1793; &#x1793;&#x17B7;&#x179F;&#x1791;&#x17C4;&#x1785;&#x1798;&#x17D2;&#x1780;&#x17BB;&#x1787;&#x1793;&#x17C5;&#x1797;&#x17B6;&#x1782;&#x1793;&#x17B7;&#x179A;&#x178F;&#x17B8;&#x1793;&#x17C3;&#x1794;&#x17D2;&#x179A;&#x1791;&#x17C1;&#x179F;&#x1780;&#x1798;&#x17D2;&#x1796;&#x17BB;&#x1787;&#x17B6;</subfield>
  </datafield>
  <datafield tag="260" ind1=" " ind2=" ">
    <subfield code="a">Phnom Penh</subfield>
    <subfield code="b">RUA</subfield>
    <subfield code="c">2004</subfield>
  </datafield>
  <datafield tag="300" ind1=" " ind2=" ">
    <subfield code="a">46p.</subfield>
    <subfield code="b">ill.</subfield>
    <subfield code="c">2002</subfield>
  </datafield>
  <datafield tag="942" ind1=" " ind2=" ">
    <subfield code="2">ddc</subfield>
    <subfield code="c">FIS</subfield>
  </datafield>
  <datafield tag="999" ind1=" " ind2=" ">
    <subfield code="c">3242</subfield>
    <subfield code="d">3242</subfield>
  </datafield>
</record>
